Transformácie vedúce k udržateľnému vývoju svetovej ekonomiky

Kľúčové aspekty, ktorých transformácia bude mať pozitívny vplyv na budúci vývoj planéty a jej obyvateľov. Vychádzajúc z TWI2050 vyplýva, že nevyhnutné zmeny musia byť realizované v oblasti vzdelania, bývania a energetiky. Nevyhnutná je taktiež aj implementácia digitálnych technológií a umelej inteli...

Ausführliche Beschreibung

Gespeichert in:
Bibliographische Detailangaben
1. Verfasser: Kiner, Andrej, 1996-
Format: Buchkapitel
Sprache:Slowakisch
Schlagworte:
Tags: Tag hinzufügen
Keine Tags, Fügen Sie das erste Tag hinzu!

MARC

LEADER 00000naa$a2200000$$$4500
001 0279127
005 20240502074331.6
041 0 |a slo 
044 |a SK 
245 1 0 |a Transformácie vedúce k udržateľnému vývoju svetovej ekonomiky  |c Andrej Kiner 
520 |a Kľúčové aspekty, ktorých transformácia bude mať pozitívny vplyv na budúci vývoj planéty a jej obyvateľov. Vychádzajúc z TWI2050 vyplýva, že nevyhnutné zmeny musia byť realizované v oblasti vzdelania, bývania a energetiky. Nevyhnutná je taktiež aj implementácia digitálnych technológií a umelej inteligencie vo výrobnej, ako aj spoločenskej sfére. Úvahy o potencionálnych nástrojoch, ktoré môžu byť použité s cieľom zabezpečiť udržateľný vývoj ekonomiky. 
610 2 0 |a rozvoj trvalo udržateľný 
610 2 0 |a rozvoj hospodársky 
610 2 0 |a rast hospodársky 
610 2 0 |a environmentalistika 
100 1 |a Kiner, Andrej, 1996-